000 01190nam a22002777a 4500
001 BD-DhSAU 8705
003 BD-DhSAU
005 20181217120252.0
008 150612b2011 bg a|||| m||| 00| 0 eng d
040 _aBD-DhSAU
082 _222
_a595.7
_bSa999
100 _aSazidy, Masum Sharif
_eRegistration no. # 05-01823
245 _aStudy on the incidence of major insect pests of soybean and their management /
_bMS thesis
_cMasum Sharif Sazidy
260 _aSher-e-Bangla Agricultural Uniersity :
_bDepartment of Entomology,
_c2011.
300 _aviii,47 p. :
_bill. ;
_c30 cm.
500 _aMS thesis of Department of Entomology, Faculty of Agriculture, Sher-e-Bangla Agricultural University, Dhaka, Bangladesh
504 _aIncludes bibliographical reference.
590 _aerfat
650 _aEntomology
650 _aStudy on the incidence of major insect pests
650 _aSoybean and their management
700 _aAli, Mohammed
_eSuperviser
700 _aLatif, Md Abdul
_eCo-superviser
856 _uhttp://archive.saulibrary.edu.bd:8080/xmlui/handle/123456789/1271
942 _2ddc
_cTHESIS
999 _c8705
_d8705